|
|
|
|
| LEADER |
00927nab a2200193 i 4500 |
| 001 |
misc13072 |
| 005 |
20191106141504.0 |
| 008 |
170607s1980 hu o 0|| hun d |
| 022 |
|
|
|a 0025-0260
|
| 040 |
|
|
|a SZTE Miscellanea Repozitórium
|b hun
|
| 041 |
|
|
|a hun
|
| 100 |
1 |
|
|a Ballér Endre
|
| 245 |
1 |
0 |
|a Nagy Sándor
|h [elektronikus dokumentum] :
|b A tananyag és az oktatási folyamat tervezésének időszerű kérdései : Budapest, 1979. Tankönyvkiadó. 159 oldal : Pedagógiai Közlemények 20. sz. : [könyvismertetés] /
|c Ballér Endre
|
| 260 |
|
|
|c 1980
|
| 300 |
|
|
|a 233-235
|
| 490 |
0 |
|
|a Magyar pedagógia : a Magyar Tudományos Akadémia Pedagógiai Bizottságának folyóirata
|v 80 No. 2
|
| 695 |
|
|
|a Oktatástervezés Magyarország, Tananyagtervezés Magyarország, Oktatási folyamat, Könyvismertetés
|
| 700 |
0 |
1 |
|a Nagy Sándor
|
| 856 |
4 |
0 |
|u http://misc.bibl.u-szeged.hu/13072/1/mp_1980_002_5491_233-235.pdf
|z Dokumentum-elérés
|